[Event "CAN-ch Seniors"]
[Site "Kitchener"]
[Date "2010.08.01"]
[Round "4"]
[White "Verny, Thomas R"]
[Black "Damsic, Joe"]
[Result "0-1"]
[WhiteElo "1725"]
[BlackElo "1917"]
[PlyCount "76"]
[EventDate "2010.07.30"]
[EventType "swiss"]
[EventRounds "7"]
[EventCountry "CAN"]
[SourceTitle "EXT 2022"]
[Source "ChessBase"]
[SourceDate "2021.10.06"]
[SourceVersion "1"]
[SourceVersionDate "2021.10.06"]
[SourceQuality "1"]

1. d4 Nf6 2. Nf3 g6 3. c4 Bg7 4. Nc3 0-0 5. Bg5 d6 6. e3 h6 7. Bh4 c5 8. d5 Bg4 9. Be2 e6 10. e4 Qc7 11. h3 Bxf3 12. Bxf3 Nbd7 13. Be2 a6 14. 0-0 Rab8 15. Bg3 Ne8 16. Qd2 e5 17. Bd3 Ndf6 18. f4 Nh5 19. Bh2 exf4 20. Bxf4 Nxf4 21. Rxf4 Nf6 22. a4 Rbe8 23. Re1 Qe7 24. Nd1 Nh5 25. Rf3 Qe5 26. g4 Nf6 27. Re2 Nh7 28. Kg2 h5 29. Qf4 hxg4 30. hxg4 Ng5 31. Qxe5 Bxe5 32. Rf1 Kg7 33. Nf2 Rh8 34. Rh1 Rxh1 35. Nxh1 Rh8 36. Nf2 Rh2+ 37. Kf1 Bd4 38. Kg1 Rxf2 0-1

[Event "CAN-ch Seniors"]
[Site "Kitchener"]
[Date "2010.07.30"]
[Round "1"]
[White "Damsic, Joe"]
[Black "Kiss, Istvan3333"]
[Result "0-1"]
[WhiteElo "1917"]
[BlackElo "1825"]
[PlyCount "66"]
[EventDate "2010.07.30"]
[EventType "swiss"]
[EventRounds "7"]
[EventCountry "CAN"]
[SourceTitle "EXT 2022"]
[Source "ChessBase"]
[SourceDate "2021.10.06"]
[SourceVersion "1"]
[SourceVersionDate "2021.10.06"]
[SourceQuality "1"]

1. e4 c5 2. Nf3 g6 3. d4 Bg7 4. Nc3 cxd4 5. Nxd4 Nc6 6. Nce2 a6 7. g3 e5 8. Nxc6 bxc6 9. Nc3 Qc7 10. Bc4 Nf6 11. 0-0 0-0 12. f4 Bb7 13. Be3 d5 14. exd5 cxd5 15. fxe5 Ne4 16. Nxe4 dxe4 17. Bb3 Bxe5 18. c3 Bxg3 19. Qe2 Bd6 20. Rf2 a5 21. a3 Bc5 22. Raf1 Qb6 23. Bxc5 Qxc5 24. Re1 Rae8 25. Qe3 Qxe3 26. Rxe3 Kg7 27. Bc2 f5 28. Rd2 Re7 29. b4 f4 30. Re1 e3 31. Rd4 f3 32. Kf1 f2 33. Re2 Bg2+ 0-1